000 00346nam a2200109Ia 4500
008 171204s9999 xx 000 0 und d
245 _aHow Linux Works: What Every Superuser Should Know:
245 _cBrian Ward
260 _c2014
650 _xADVANCED OPERATING SYSTEM AND NETWORKING
856 _uhttp://down.ebook777.com/016/978-1593275679.pdf
999 _c347092
_d347092